000 02642nam2a22002411 4500
001 rc\2365054
005 20250622235142.0
035 _a(NLR Aleph) 006479224
090 _a6015983
_c6015983
100 _a20110829d1976 |||y0rusy50 ca
101 0 _arus
102 _aRU
105 _ay z |||||
200 1 _aЧетвертая секция. [Методы исследования региональных экономических связей и межотраслевых комплексов]
210 _d1976
_aБ. м.
215 _a91 с.
461 0 _1001rc\2365051
_12001#$aМатериалы Научной конференции по теме "Актуальные проблемы совершенствования регионального планирования народного хозяйства в период развитого социализма" [17-19 ноября 1976 г. Тбилиси$e1]-$fНауч. совет АН СССР по проблеме размещения произв. сил СССР. Науч. совет по изучению развития и размещения произв. сил Закав. экон. р-на. НИИ экономики и планирования нар. хоз-ва при Госплане$v[5]
_96015960
_aМежреспубликанская научная конференция по теме "Актуальные проблемы совершенствования регионального планирования народного хозяйства в период развитого социализма" (1976 ; Тбилиси)
_cТбилиси
_d1976
_fНауч. совет АН СССР по проблеме размещения произв. сил СССР. Науч. совет по изучению развития и размещения произв. сил Закав. экон. р-на. НИИ экономики и планирования нар. хоз-ва при Госплане
_nБ. и.
_o1]-
_p90 с.
_tМатериалы Научной конференции по теме "Актуальные проблемы совершенствования регионального планирования народного хозяйства в период развитого социализма" [17-19 ноября 1976 г. Тбилиси
_v[5]
517 0 _aМетоды исследования региональных экономических связей и межотраслевых комплексов
801 0 _aRU
_bNLR
_gpsbo
801 1 _aRU
_bELAR
_2rusmarc
852 _aNLR
_j76-50к/5788
942 _cBOOK
980 _aNB